<?xml version="1.0" encoding="UTF-8"?><?xml-stylesheet type="text/xsl" href="static/style.xsl"?><OAI-PMH xmlns="http://www.openarchives.org/OAI/2.0/" xmlns:xsi="http://www.w3.org/2001/XMLSchema-instance" xsi:schemaLocation="http://www.openarchives.org/OAI/2.0/ http://www.openarchives.org/OAI/2.0/OAI-PMH.xsd"><responseDate>2026-04-13T14:24:04Z</responseDate><request verb="GetRecord" identifier="oai:www.recercat.cat:10230/33037" metadataPrefix="marc">https://recercat.cat/oai/request</request><GetRecord><record><header><identifier>oai:recercat.cat:10230/33037</identifier><datestamp>2025-12-22T20:18:50Z</datestamp><setSpec>com_2072_6</setSpec><setSpec>col_2072_452954</setSpec></header><metadata><record xmlns="http://www.loc.gov/MARC21/slim" xmlns:dcterms="http://purl.org/dc/terms/" xmlns:xsi="http://www.w3.org/2001/XMLSchema-instance" xmlns:doc="http://www.lyncode.com/xoai" xsi:schemaLocation="http://www.loc.gov/MARC21/slim http://www.loc.gov/standards/marcxml/schema/MARC21slim.xsd">
   <leader>00925njm 22002777a 4500</leader>
   <datafield ind2=" " ind1=" " tag="042">
      <subfield code="a">dc</subfield>
   </datafield>
   <datafield ind2=" " ind1=" " tag="720">
      <subfield code="a">Pérez García, Alejandro</subfield>
      <subfield code="e">author</subfield>
   </datafield>
   <datafield ind2=" " ind1=" " tag="260">
      <subfield code="c">2017-10-18T10:59:41Z</subfield>
   </datafield>
   <datafield ind2=" " ind1=" " tag="260">
      <subfield code="c">2017-10-18T10:59:41Z</subfield>
   </datafield>
   <datafield ind2=" " ind1=" " tag="260">
      <subfield code="c">2017-10-18</subfield>
   </datafield>
   <datafield ind2=" " ind1=" " tag="520">
      <subfield code="a">Treball de fi de grau en informàtica</subfield>
   </datafield>
   <datafield ind2=" " ind1=" " tag="520">
      <subfield code="a">Tutors: Laura Malinverni i Narcís Parés</subfield>
   </datafield>
   <datafield ind2=" " ind1=" " tag="520">
      <subfield code="a">Este proyecto presenta el diseño y la implementación de una experiencia interactiva de&#xd;
realidad mixta, llamada Between Bodies. La experiencia se basa en una proyección de gran&#xd;
formato en el suelo y se dirige a niño/as entre los 8 y los 12 años. Su objetivo es facilitar la&#xd;
reflexión de los niño/as sobre la dinámicas interpersonales y las relaciones sociales. El&#xd;
desarrollo de la experiencia se basa en el motor de juego Unity y en un sistema de&#xd;
seguimiento de usuarios y detección de distancias, utilizando cuatro cámaras que conforman&#xd;
el sistema de tracking.&#xd;
El desarrollo perteneciente a este proyecto constituye un nueva iteración del diseño y&#xd;
desarrollo de una experiencia interactiva anterior y su objetivo principal es mejorar la&#xd;
experiencia de usuario y la usabilidad del sistema.</subfield>
   </datafield>
   <datafield ind2=" " ind1=" " tag="520">
      <subfield code="a">This project presents the design and implementation of an interactive experience of mixed&#xd;
reality, called Between Bodies. The experience is based on a large format projection on the&#xd;
ground and is directed at a child / such as between 8 and 12 years. Its objective is to facilitate&#xd;
the reflection of the children on the interpersonal dynamics and social relations. The&#xd;
development of the experience is based on the Unity game engine and a system of user&#xd;
tracking and distance detection, using four cameras that make up the tracking system.&#xd;
The development pertaining to this project constitutes a new iteration of the design and&#xd;
development of a previous interactive experience and its main objective is to improve the&#xd;
user experience and the usability of the system.</subfield>
   </datafield>
   <datafield tag="653" ind2=" " ind1=" ">
      <subfield code="a">Videojocs -- Disseny</subfield>
   </datafield>
   <datafield tag="653" ind2=" " ind1=" ">
      <subfield code="a">Programació (Informàtica)</subfield>
   </datafield>
   <datafield ind2="0" ind1="0" tag="245">
      <subfield code="a">Between Bodies</subfield>
   </datafield>
</record></metadata></record></GetRecord></OAI-PMH>